Gaming Quiz

Random Gaming or Nintendo Quiz

ARMS Characters by Weakness Quiz Stats

 Plays Quiz not verified by Sporcle

Support Sporcle.
Go Orange.
Score 0/13 Timer 02:00
0 Plays Today
Weakness Character % Correct
MathSpring Man
90%
LightningRibbon Girl
60%
Long bathsMin Min
60%
Static electricityTwintelle
60%
MongoosesKid Cobra
55%
No weaknessHelix
55%
MosquitoesNinjara
45%
Small children punching him/her/them for funByte & Barq
45%
Black coffee?Lola Pop
45%
The sound of nails on a chalkboardMaster Mummy
40%
DrawingMechanica
40%
Being barefootMisango
40%
Green peppersMax Brass
35%

You're not logged in!

Compare scores with friends on all Sporcle quizzes.
OR
Log In

From the Vault

Oldest Presidents Minefield

by beachboyandrew

These guys are way over that 35 minimum.
Remove Ads.
Support Sporcle.
Get the best of Sporcle when you Go Orange. This ad-free experience offers more features, more stats, and more fun while also helping to support Sporcle. Thank you for becoming a member.

Show Comments

Extras

Created Apr 11, 2019ReportNominateIcon Source: Polygon
Tags:Nintendo Quiz, Nintendo Switch

Top Quizzes Today


Score Distribution

Your Account Isn't Verified!

In order to create a playlist on Sporcle, you need to verify the email address you used during registration. Go to your Sporcle Settings to finish the process.

Report this User

Report this user for behavior that violates our Community Guidelines.

Details: